Govt. of
Madhya Pradesh

Encyclopaedia Indian Events & Dates (Record no. 33682)

MARC details
000 -LEADER
fixed length control field 004390000a22001690004500
003 - CONTROL NUMBER IDENTIFIER
control field MACL
005 - DATE AND TIME OF LATEST TRANSACTION
control field 20151227151941.0
008 - FIXED-LENGTH DATA ELEMENTS--GENERAL INFORMATION
fixed length control field 151227b xxu||||| |||| 00| 0 eng d
040 ## - CATALOGING SOURCE
Original cataloging agency MACL
Transcribing agency MACL
041 ## - LANGUAGE CODE
Language code of text/sound track or separate title English
082 ## - DEWEY DECIMAL CLASSIFICATION NUMBER
Classification number 030.54/BHA
100 ## - MAIN ENTRY--PERSONAL NAME
Personal name Bhattacherje, S B
9 (RLIN) 5793
245 ## - TITLE STATEMENT
Title Encyclopaedia Indian Events & Dates
260 ## - PUBLICATION, DISTRIBUTION, ETC. (IMPRINT)
Name of publisher, distributor, etc. Sterling Publishing
Date of publication, distribution, etc. 1986
650 ## - SUBJECT ADDED ENTRY--TOPICAL TERM
Topical term or geographic name as entry element Encyclopaedia
9 (RLIN) 23407
942 ## - ADDED ENTRY ELEMENTS (KOHA)
Koha item type Books
Call number prefix 030.54/Bha
Source of classification or shelving scheme
Holdings
Withdrawn status Lost status Source of classification or shelving scheme Damaged status Not for loan Home library Current library Date acquired Total Checkouts Full call number Barcode Date last seen Date last checked out Uniform Resource Identifier Price effective from Koha item type
          MACL MACL 15/04/2015 1 030.54/Bha CLE017316 11/09/2021 20/07/2021 33944 15/04/2015 Books